000 00486nam a2200205Ia 4500
008 170918s9999 xx 000 0 und d
020 _a9780531266526
050 _bP362 2011
100 _aPearson, Mary E.
245 _aGenerous me /
245 _cMary E. Pearson.
260 _aNew York :
260 _bScholastic,
260 _c2011
300 _a40 pages :
300 _bcolored illustration ;
300 _c18cm.
440 _aRookie ready to learn.
500 _a270
999 _c341108
_d341108